Statistiques concernant Tous les types de Pokeball

Cliquez ici pour prendre le quiz!

Statistiques générales

  • Ce quiz a été pris 64 fois
    (54 depuis la dernière actualisation)
  • Le résultat moyen est 17 sur 38

Statistiques - réponses

Balls% Correct
Poké Ball
100%
Poké Ball
100%
Hyper Ball
98%
Hyper Ball
98%
Master Ball
98%
Super Ball
96%
Super Ball
96%
Filet Ball
73%
Honor Ball
61%
Love Ball
57%
Sombre Ball
57%
Rapide Ball
55%
Ultra Ball
49%
Chrono Ball
47%
Luxe Ball
47%
Scuba Ball
47%
Soin Ball
47%
Masse Ball
45%
Masse Ball
45%
Lune Ball
39%
Safari Ball
37%
Appât Ball
31%
Copain Ball
31%
Speed Ball
31%
Bis Ball
27%
Faiblo Ball
24%
Mémoire Ball
16%
Rêve Ball
16%
Niveau Ball
14%
Gigamasse Ball
10%
Parc Ball
10%
Plume Ball
10%
Compét'Ball
8%
Origine Ball
8%
Envol Ball
6%
Étrange Ball
6%
Mégamasse Ball
6%
Propulse Ball
4%

Distribution des résultats

Percentile par nombre de réponses

% des personnes avec chaque résultat

Votre développement - résultats

Vous n’avez pas pris ce quiz depuis la dernière actualisation